Countries That Might Exist Soon - Statistics

General Stats
  • This quiz has been taken 99 times
    50 since last reset
  • The average score is 7 of 16
Answer Stats
Picture Answer % Correct
Scotland
95%
Texas
87%
Catalonia
82%
Kurdistan
71%
Transnistria
58%
Venice
53%
Western Sahara
53%
Abkhazia
47%
Bougainville
37%
Basque country
34%
Somaliland
29%
Tibet
21%
Crimea
11%
Flanders
11%
New Caledonia
11%
Galicia
5%
No matching quizzes found
Score Distribution
Percent of People with Each Score
Percentile by Number Answered
Your Score History
You have not taken this quiz since the last reset